| 000 | 00508 a2200169 4500 | ||
|---|---|---|---|
| 003 | OSt | ||
| 005 | 20231214131322.0 | ||
| 008 | 231214b |||||||| |||| 00| 0 eng d | ||
| 020 | _a9788121924405 | ||
| 040 | _coclc | ||
| 082 |
_a621.3 _bTHE/T |
||
| 100 |
_aTheraja, B L _94338 |
||
| 245 |
_aA textbook of electrical technology : in S.I. units ; Volume I / _cB L Thetaja, A K Theraja |
||
| 260 |
_bS Chand, _c2019. |
||
| 300 | _a864 p | ||
| 942 |
_2ddc _cBK _h621.3 _iTHE/T _k621.3 _mTHE/T |
||
| 999 |
_c44215 _d44215 |
||